Т. 1; Прогрессивные технологии и экономика в машиностроении

Bibliografski detalji
Parent link:Прогрессивные технологии и экономика в машиностроении: сборник трудов VII Всероссийской научно-практической конференции для студентов и учащейся молодежи, 7-9 апреля 2016 г., Юрга/ Национальный исследовательский Томский политехнический университет (ТПУ), Юргинский технологический институт (ЮТИ) ; отв. ред. Д. А. Чинахов. Т. 1.— , 2016
Sažetak:В сборнике представлены материалы по современным проблемам автоматизации производства, экономики, гуманитарного и естественно-научного образования, содержатся результаты теоретических исследований и практической реализации на­учно-исследовательских работ. Предна­значен для студентов технических и экономических специальностей.
Jezik:ruski
Izdano: 2016
Teme:
Format: MixedMaterials Knjiga
KOHA link:https://koha.lib.tpu.ru/cgi-bin/koha/opac-detail.pl?biblionumber=319385

MARC

LEADER 00000nam2a2200000 4500
001 319385
005 20231102003156.0
035 |a (RuTPU)RU\TPU\book\344894 
090 |a 319385 
100 |a 20160530d2016 k y0rusy50 ca 
101 0 |a rus 
102 |a RU 
105 |a a z 101zy 
200 0 |a Т. 1 
210 |d 2016 
215 |a 639 с.  |c ил. 
320 |a Библиография в конце статей 
330 |a В сборнике представлены материалы по современным проблемам автоматизации производства, экономики, гуманитарного и естественно-научного образования, содержатся результаты теоретических исследований и практической реализации на­учно-исследовательских работ. Предна­значен для студентов технических и экономических специальностей. 
461 1 |0 (RuTPU)RU\TPU\book\319545  |t Прогрессивные технологии и экономика в машиностроении  |o сборник трудов VII Всероссийской научно-практической конференции для студентов и учащейся молодежи, 7-9 апреля 2016 г., Юрга  |f Национальный исследовательский Томский политехнический университет (ТПУ), Юргинский технологический институт (ЮТИ) ; отв. ред. Д. А. Чинахов  |v Т. 1  |d 2016 
606 1 |a Машиностроение  |x Экономика  |2 stltpush  |3 (RuTPU)RU\TPU\subj\41496  |9 61286 
610 1 |a металлургические технологии 
610 1 |a сварочное производство 
610 1 |a машиностроительные материалы 
610 1 |a обработка 
610 1 |a горное дело 
610 1 |a полезные ископаемые 
610 1 |a добыча 
610 1 |a автоматизация 
610 1 |a информатизация 
610 1 |a предприятия 
610 1 |a образовательные процессы 
610 1 |a менеджмент 
610 1 |a маркетинг 
610 1 |a государственная поддержка 
610 1 |a конференции 
610 1 |a труды учёных ТПУ 
675 |a 621.002:658(063)  |v 3 
801 1 |a RU  |b 63413507  |c 20160530 
801 2 |a RU  |b 63413507  |c 20211026  |g RCR 
942 |c BK